Statistics for Swimming across Oceania Maritime Borders: go through all Countries

Click here to take the quiz!

General Stats

  • This quiz has been taken 255 times
  • The average score is 12 of 14

Answer Stats

COUNTRY % Correct
Palau
98%
Marshall Islands
90%
Micronesia
90%
Nauru
88%
Fiji
86%
Kiribati
85%
Australia
83%
Tuvalu
83%
Solomon Islands
83%
Vanuatu
83%
New Zealand
82%
Tonga
79%
Papua New Guinea
79%
Samoa
78%

Score Distribution

Percentile by Number Answered

Percent of People with Each Score

Your Score History

You have not taken this quiz